The Canadian Investor Challenge and Change in Canadian Capital Markets /

Bibliographic Details
Main Author: Anand, Anita
Format: eBook
Language:English
Published: Toronto: Irwin Law Inc., 2020
Subjects:
Online Access:Acceso restringido

MARC

LEADER 00000nam a22000007a 4500
005 20210805111232.0
007 cr|||| ||||
008 210805s2020 ca |||||s|||| 00||0 eng d
020 |a 9781552215081 
035 |a 34968 
040 |a vLex 
090 |c 11914  |d 11914 
100 1 |a Anand, Anita 
245 1 3 |a The Canadian Investor  |h [Recurso electrn̤ico] :  |b Challenge and Change in Canadian Capital Markets /  |c Anita Anand 
256 |a Servicio en ln̕ea 
260 |a Toronto:  |b Irwin Law Inc.,  |c 2020 
300 |a 1 recurso electrn̤ico 
500 |a The Canadian Investor is one of the clearest and most informative accounts of Canada’s financial system and the issues it has been facing since the 2008 financial market crash. This insightful book examines all aspects of the many different institutions, programs, actors, and laws that affect investors’ rights. A detailed and accessible analysis of the Canadian landscape that explores securities commissions and other regulatory institutions through a contemporary lens, The Canadian Investor is currently unique in Canada. Understanding investors, their rights, and their relationship with the legal institutions that are set up to protect them constitutes the foundation of this book. The Canadian Investor attempts to answer the following questions: Who is an investor? What accountability measures are in place to protect investors? How do the rights and programs in Canada look in comparison to other similarly situated countries? In addition to detailing the current state of investor rights and the social and economic importance of investor welfare, this book highlights gaps in protections and proposes some positive avenues for development by drawing on international and historical evidence. The Canadian Investor is an unquestionable must-read for investors, students, practitioners, and all those who desire a properly functioning securities market that serves the interests of Canadians. 
506 1 |a Disponible solo en los productos indicados  |d vLex Global  |d vLex Global (Academic Edition, excluding Law Schools)  |d vLex Global (U.S. Academic Edition, Law Schools)  |d vLex Global (U.S. Academic Edition, excluding Law Schools)  |d vLex Global (Academic Edition, Law Schools) 
650 0 4 |a Financiero  |z Canad̀ 
740 0 |a vLex Libros (Servicio en ln̕ea) 
856 4 0 |u https://app.vlex.com/#/sources/34968  |z Acceso restringido 
942 |c BOOK 
999 0 |a Financial